Accounting Information Systems (Author), (Record no. 47347)
[ view plain ]
| 000 -LEADER | |
|---|---|
| fixed length control field | 00536nam a22001817a 4500 |
| 005 - DATE AND TIME OF LATEST TRANSACTION | |
| control field | 20260420124039.0 |
| 008 - FIXED-LENGTH DATA ELEMENTS--GENERAL INFORMATION | |
| fixed length control field | 260420b |||||||| |||| 00| 0 eng d |
| 020 ## - INTERNATIONAL STANDARD BOOK NUMBER | |
| ISBN | 978-1337552127 |
| 082 ## - DEWEY DECIMAL CLASSIFICATION NUMBER | |
| Classification number | 657.0285 |
| Author Mark | GEL-A |
| 100 ## - MAIN ENTRY--AUTHOR | |
| Author Name | Gelinas, Ulric |
| -- | Richard Dull (Author) |
| -- | Patrick Wheeler (Author) |
| -- | Mary Hill (Author) |
| 245 ## - TITLE STATEMENT | |
| Title | Accounting Information Systems (Author), |
| 250 ## - EDITION STATEMENT | |
| Edition statement | 11th Ed |
| 260 ## - PUBLICATION, DISTRIBUTION, ETC. | |
| Place of Publication | Boston, USA |
| Name of publisher, distributor, etc. | Cengage Learning |
| Date of publication, distribution, etc. | 2017 |
| 300 ## - PHYSICAL DESCRIPTION | |
| Pages | 747 p. |
| 500 ## - GENERAL NOTE | |
| General note | Includes Index. |
| 650 ## - SUBJECT ADDED ENTRY--TOPICAL TERM | |
| Subject / Department | Accounting |
| 942 ## - ADDED ENTRY ELEMENTS (KOHA) | |
| Koha item type | Book |
| Withdrawn status | Lost status | Damaged status | Not for loan | Collection code | Permanent Location | Current Location | Shelving Location | Date acquired | Source of acquisition | Price | Inventory number | Total Checkouts | Full Call Number | Accession No./Barcode | Date last seen | Koha item type |
|---|---|---|---|---|---|---|---|---|---|---|---|---|---|---|---|---|
| Accounting | Air University Kharian Campus Library | Air University Kharian Campus Library | Accounting | 04/09/2026 | Ali Book Services | 3940.00 | KA/10221 | 657.0285 GEL-A | AUKHP0577 | 04/20/2026 | Book |







